000 00303nam a22001337a 4500
008 170922b xxu||||| |||| 00| 0 eng d
020 _a0814726151
041 _aeng
080 _a37
100 _a46
101 _aEDU
245 _aTHE EDUCATION OF THE SOUTHERN BELLE
_cFARNHAM,CH,A
942 _2udc
_cBK
999 _c28985
_d28985